| 000 | 00605cam a22002291 4500 | ||
|---|---|---|---|
| 001 | sa 68012844 | ||
| 003 | DLC | ||
| 005 | 20260227112616.0 | ||
| 008 | 940331s1965 io a 000 1 ind | ||
| 010 | _asa 68012844 | ||
| 025 | _aPL480:Indo-5247 | ||
| 035 | _a(OCoLC)30063709 | ||
| 040 |
_aDLC _cCU _dDLC |
||
| 042 | _apremarc | ||
| 050 | 0 | 0 |
_aPL5089.S518 _bA9 1965 |
| 100 | 1 | _aSiregar, Merari. | |
| 245 | 1 | 0 |
_aAzab den sengsara; _bkissah kehidupan seorang anak gadis. |
| 250 | _aTjet. 4. | ||
| 260 |
_aDjakarta, _bBalai Pustaka, _c1965. |
||
| 300 |
_a180 p. _billus. _c19 cm. |
||
| 500 | _aA novel. | ||
| 999 |
_c84779 _d84779 |
||